| 000 | 00485nam a2200169 4500 | ||
|---|---|---|---|
| 001 | 154 | ||
| 005 | 20181127160632.0 | ||
| 020 | 0 | 0 | _a8180543277 |
| 090 | 0 | 0 | _a519.5008658 G9775b 2007 |
| 100 | 0 | 0 | _aGupta, S. P. |
| 245 | 0 | 0 |
_aBusiness statistics / _b _cDr. S.P. Gupta & Dr. M.P. Gupta. _h |
| 250 | 0 | 0 | _a14th enlarged ed. |
| 260 | 0 | 0 |
_aNew Delhi : _bSultan Chand & Sons, _c2007 |
| 300 | 0 | 0 | _axxii, 712 p. |
| 650 | 0 | 0 |
_aCommercial statistics. _x |
| 700 |
_aGupta, M. P. _b _c _d _e _k _l _m _n _o _p _q _r _s _t |
||
| 999 |
_c139 _d139 |
||